Т. 8, № 4; Композиты и наноструктуры

Detalles Bibliográficos
Parent link:Композиты и наноструктуры: научно-технический журнал. Т. 8, № 4.— , 2010-
Idioma:ruso
Publicado: 2016
Formato: MixedMaterials Libro
KOHA link:https://koha.lib.tpu.ru/cgi-bin/koha/opac-detail.pl?biblionumber=571438

MARC

LEADER 00000nam2a2200000 4500
001 571438
005 20231101125226.0
035 |a (RuTPU)RU\TPU\prd\269386 
090 |a 571438 
100 |a 20170214a20099999k y0rusy50 ca 
101 0 |a rus 
102 |a RU 
200 0 |a Т. 8, № 4 
210 |d 2016 
461 1 |0 (RuTPU)RU\TPU\prd\81824  |t Композиты и наноструктуры  |o научно-технический журнал  |v Т. 8, № 4  |d 2010- 
801 0 |a RU  |b 63413507  |c 20010227  |g PSBO 
801 1 |a RU  |b 63413507  |c 20170214 
801 2 |a RU  |b 63413507  |c 20230519  |g RCR 
942 |c BK 
999 |a НТБ_ТПУ  |b НФ  |e -1/20170117  |p П-9465  |s 1/20160622  |u 0,00  |v 1